01849 a2200229 4500003000500000005001700005010001600022020001500038040000900053082001400062245011800076260003600194300003400230505100200264650002301266650003401289651002001323700001801343856009601361856008801457856007401545Nust20230905110138.0 a 00038854 c0780353560 cNust00a629.8,SAM00aPerspectives in control engineering :btechnologies, applications, and new directions /c[edited by] Tariq Samad. aNew York :bIEEE Press,cc2001. axxv, 503 p. :bill. ;c26 cm. aReal-Time Computing and Control (Page-1), Discrete-Event Systems and Their Optimization (Page-20), Computer-Automated Control System Design (Page-42), System Modeling (Page-71), Intelligent Control: an Overview of Techniques (Page-104), Neural, Fuzzy, and Approximation-Based Control (Page-134), Supervisory Hybrid Control Systems (Page-165), Variable Structure and Sliding-Mode Control (Page-189), Control Systems for "Complexity Management (Page-218), Control of Multivehicle Aerospace Systems (Page-239), Affordable Flight Control for Aircraft and Missiles (Page-259), Industrial Process Control (Page-291), Power System Control and Estimation in a Competitive Environment (Page-324), Intelligent Transportation Systems: Roadway Applications (Page-348), Automotive Power train Controller Development Using Cacsd (Page-370), Building Control and Automation Systems (Page-393), Controlling Civil Infrastructures (Page-417), Robot Control (Page-442), Control of Communication Networks (Page-462) 0aAutomatic control. 0cTelecommunication engineering aControl theory.1 aSamad, Tariq.423Contributor biographical informationuhttp://www.loc.gov/catdir/bios/wiley043/00038854.html423Publisher descriptionuhttp://www.loc.gov/catdir/description/wiley036/00038854.html423Table of Contentsuhttp://www.loc.gov/catdir/toc/onix07/00038854.html